Gypsy planning challenges in the High Court (Record no. 118457)

MARC details
000 -LEADER
fixed length control field 02341cam a2200445 4500
001 - CONTROL NUMBER
control field ABS68561
008 - FIXED-LENGTH DATA ELEMENTS--GENERAL INFORMATION
fixed length control field 041216n2004 000 0 eng u
035 ## - SYSTEM CONTROL NUMBER
System control number (Sirsi) u128336
100 ## - MAIN ENTRY--PERSONAL NAME
Personal name Maurici, J.
245 ## - TITLE STATEMENT
Title Gypsy planning challenges in the High Court
260 ## - PUBLICATION, DISTRIBUTION, ETC.
Date of publication, distribution, etc. 2004
490 ## - SERIES STATEMENT
Series statement Journal of Planning and Environment Law
Volume/sequential designation December 2004, 1654-1670(17)
520 ## - SUMMARY, ETC.
Summary, etc. Considers human rights issues in gypsy cases raised in applications brought before the High Court under the Town and Country Planning Act 1990 s288 and s299. Looks at the role of the High Court and deference, proportionality and the standard of reasoning, the relevance of the lack of alternative sites to proportionality, what happens where human rights arguments are not raised before the inspector. Assesses the impact of the Human Rights Act 1998 on the "Top Deck Holdings Ltd v SSE" ([1991] JPL 961), discusses the Convention for the Protection of Human Rights and Fundamental Freedoms Art 8 together with the meaning of the term gypsy and compulsory purchase orders under the 1990 Act s226. Concludes with a discussion using educational needs of gypsy children as a human rights argument under the Convention Protocol 1 Art 2 . Refers to case law throughout.
590 ## - LOCAL NOTE (RLIN)
Local note ABS
590 ## - LOCAL NOTE (RLIN)
Local note ABS
650 ## - SUBJECT ADDED ENTRY--TOPICAL TERM
Topical term or geographic name entry element GYPSIES
650 ## - SUBJECT ADDED ENTRY--TOPICAL TERM
Topical term or geographic name entry element HUMAN RIGHTS
650 ## - SUBJECT ADDED ENTRY--TOPICAL TERM
Topical term or geographic name entry element TOWN AND COUNTRY PLANNING ACT 1990 S289
650 ## - SUBJECT ADDED ENTRY--TOPICAL TERM
Topical term or geographic name entry element TOWN AND COUNTRY PLANNING ACT 1990 S288
650 ## - SUBJECT ADDED ENTRY--TOPICAL TERM
Topical term or geographic name entry element SOUTH BUCKS DC V PORTER
650 ## - SUBJECT ADDED ENTRY--TOPICAL TERM
Topical term or geographic name entry element BUCKLAND V SOS ENVIRONMENT, TRANSPORT AND THE REGIONS
650 ## - SUBJECT ADDED ENTRY--TOPICAL TERM
Topical term or geographic name entry element EGAN V SSTLGR
650 ## - SUBJECT ADDED ENTRY--TOPICAL TERM
Topical term or geographic name entry element LOUGH V FIRST SOS
650 ## - SUBJECT ADDED ENTRY--TOPICAL TERM
Topical term or geographic name entry element HUMAN RIGHTS ACT 1998
650 ## - SUBJECT ADDED ENTRY--TOPICAL TERM
Topical term or geographic name entry element SABI V SSTLGR
650 ## - SUBJECT ADDED ENTRY--TOPICAL TERM
Topical term or geographic name entry element GOSBEE V SSETR
650 ## - SUBJECT ADDED ENTRY--TOPICAL TERM
Topical term or geographic name entry element MOSS V FSS
650 ## - SUBJECT ADDED ENTRY--TOPICAL TERM
Topical term or geographic name entry element SEARLE V SSETR
650 ## - SUBJECT ADDED ENTRY--TOPICAL TERM
Topical term or geographic name entry element MATTHEWS V SEETR
650 ## - SUBJECT ADDED ENTRY--TOPICAL TERM
Topical term or geographic name entry element AYRES V SSETR
650 ## - SUBJECT ADDED ENTRY--TOPICAL TERM
Topical term or geographic name entry element TOP DECK HOLDINGS LTD V SOS ENVIRONMENT
650 ## - SUBJECT ADDED ENTRY--TOPICAL TERM
Topical term or geographic name entry element WREXHAM CB V NATIONAL ASSEMBLY FOR WALES
650 ## - SUBJECT ADDED ENTRY--TOPICAL TERM
Topical term or geographic name entry element CLARKE V SSTLGR
650 ## - SUBJECT ADDED ENTRY--TOPICAL TERM
Topical term or geographic name entry element LOCKE V SSETR
650 ## - SUBJECT ADDED ENTRY--TOPICAL TERM
Topical term or geographic name entry element CONVENTION FOR THE PROTECTION OF HUMAN RIGHTS AND FUNDAMENTAL FREEDOMS ART 1
650 ## - SUBJECT ADDED ENTRY--TOPICAL TERM
Topical term or geographic name entry element CONVENTION FOR THE PROTECTION OF HUMAN RIGHTS AND FUNDAMENTAL GREEDOMS PROTOCOL 1 ART 2
650 ## - SUBJECT ADDED ENTRY--TOPICAL TERM
Topical term or geographic name entry element CONVENTION FOR THE PROTECTION OF HUMAN RIGHTS AND FUNDAMENTAL FREEDOMS ART 8
690 ## - LOCAL SUBJECT ADDED ENTRY--TOPICAL TERM (OCLC, RLIN)
Topical term or geographic name as entry element LAW
942 ## - ADDED ENTRY ELEMENTS (KOHA)
Suppress in OPAC 0
Holdings
Withdrawn status Lost status Source of classification or shelving scheme Damaged status Not for loan Home library Current library Shelving location Date acquired Total Checkouts Full call number Barcode Date last seen Copy number Price effective from Koha item type
    Dewey Decimal Classification     London London Journal article 16/12/2004   ABS68561 128336-1001 06/08/2019 1 06/08/2019 Journal article